| 000 | 00798nam a22002057a 4500 | ||
|---|---|---|---|
| 999 |
_c10122 _d10122 |
||
| 003 | AR-CdUCM | ||
| 008 | 190329b ||||| |||| 00| 0 spa d | ||
| 040 |
_aMUNICIPALIDAD PROVINCIAL DEL CUSCO _cBIBLIOTECA MUNICIPAL DEL CUSCO |
||
| 082 |
_a379.7 / _bS69 / 1943 |
||
| 100 |
_a Jesualdo _926791 |
||
| 245 | _aProblemas de la educación y la cultura en América / | ||
| 260 |
_aMontevideo : _bClaudio García y Cía, _c1943. |
||
| 300 |
_a381 páginas ; _c18 cm. |
||
| 505 | _aContenido: Problemas de la infancia -- Analfabetismo -- La enseñanza secundaria -- Enseñanza técnica y universitaria -- Corrientes educativas modernas -- La escuela progresiva ... | ||
| 650 |
_aEducación _9460 |
||
| 650 |
_aAmérica _91348 |
||
| 650 |
_aCivilización _91048 |
||
| 942 |
_2ddc _cLIBROS |
||
| 945 | _aacv | ||